[Event "Bergisch Gladbach-ch"]
[Site "Bergisch Gladbach"]
[Date "2006.09.08"]
[Round "3"]
[White "Stieg, Karsten"]
[Black "Bloemer, Guenter"]
[Result "1/2-1/2"]
[WhiteElo "1332"]
[BlackElo "1447"]
[PlyCount "87"]
[EventDate "2006.08.25"]
[EventType "swiss"]
[EventRounds "7"]
[EventCountry "GER"]
[SourceTitle "EXT 2008"]
[Source "ChessBase"]
[SourceDate "2007.11.25"]
[SourceVersion "1"]
[SourceVersionDate "2007.11.25"]
[SourceQuality "1"]

1. d4 d5 2. c4 e6 3. Nc3 Nf6 4. Bg5 Be7 5. e3 h6 6. Bh4 c5 7. dxc5 Bxc5 8. cxd5 exd5 9. Bxf6 Qxf6 10. Nxd5 Qd8 11. b4 Be6 12. bxc5 Bxd5 13. Bb5+ Nc6 14. Bxc6+ Bxc6 15. Qxd8+ Rxd8 16. Nf3 Rd5 17. Rc1 Bb5 18. Nd4 Ba6 19. f4 0-0 20. Kf2 Rc8 21. c6 bxc6 22. Nxc6 Rd2+ 23. Kg3 Re8 24. Rhe1 Bb7 25. Nxa7 Rxg2+ 26. Kh3 Rxa2 27. Nc6 Bxc6 28. Rxc6 Rd8 29. Rg1 Rdd2 30. Rc8+ Kh7 31. Rc7 Rxh2+ 32. Kg3 Kg6 33. Kf3+ Kf6 34. Rc6+ Ke7 35. Rxg7 Rhf2+ 36. Ke4 Ra4+ 37. Kd3 Ra3+ 38. Rc3 Ra7 39. Rh7 Rh2 40. Rh8 Rh3 41. Rhc8 Kd7 42. Rf8 Ke7 43. Rfc8 Kd7 44. Rf8 1/2-1/2

[Event "Bergisch Gladbach-ch"]
[Site "Bergisch Gladbach"]
[Date "2006.09.01"]
[Round "2"]
[White "Lingenover, Jan"]
[Black "Stieg, Karsten"]
[Result "1-0"]
[WhiteElo "1538"]
[BlackElo "1332"]
[PlyCount "83"]
[EventDate "2006.08.25"]
[EventType "swiss"]
[EventRounds "7"]
[EventCountry "GER"]
[SourceTitle "EXT 2008"]
[Source "ChessBase"]
[SourceDate "2007.11.25"]
[SourceVersion "1"]
[SourceVersionDate "2007.11.25"]
[SourceQuality "1"]

1. Nf3 Nc6 2. c4 Nf6 3. d4 e6 4. Nc3 Bb4 5. a3 Bxc3+ 6. bxc3 0-0 7. Bg5 d5 8. e3 h6 9. Bh4 b6 10. Be2 Ba6 11. cxd5 Bxe2 12. Qxe2 exd5 13. c4 dxc4 14. Qxc4 Qd5 15. Qxd5 Nxd5 16. Rc1 Nde7 17. d5 g5 18. dxc6 gxh4 19. 0-0 Rad8 20. Rfd1 a5 21. Rd7 Nxc6 22. Rxc7 Nb8 23. Nd4 Rd6 24. Kf1 Nd7 25. R1c6 Rxc6 26. Rxc6 Rb8 27. Nb5 Nc5 28. Rxh6 Kg7 29. Rxh4 f5 30. Rd4 Kf6 31. Ke2 Ke5 32. f3 Rh8 33. h3 Rg8 34. g4 Rh8 35. f4+ Kf6 36. Rd6+ Ke7 37. gxf5 Rxh3 38. f6+ Kf7 39. Rxb6 Rh2+ 40. Kf1 Rh3 41. Nd6+ Kf8 42. Rb8# 1-0

[Event "Bergisch Gladbach-ch"]
[Site "Bergisch Gladbach"]
[Date "2005.09.16"]
[Round "4"]
[White "Bloemer, Guenter"]
[Black "Stieg, Karsten"]
[Result "1-0"]
[WhiteElo "1408"]
[BlackElo "1348"]
[PlyCount "25"]
[EventDate "2005.08.26"]
[EventType "swiss"]
[EventRounds "7"]
[EventCountry "GER"]
[SourceTitle "CBM 108 Extra"]
[Source "ChessBase"]
[SourceDate "2005.11.04"]
[SourceVersion "1"]
[SourceVersionDate "2005.11.04"]
[SourceQuality "1"]

1. d4 Nf6 2. c4 e6 3. Nc3 Bb4 4. Bd2 0-0 5. a3 Bxc3 6. bxc3 b6 7. Nf3 Bb7 8. e3 Ne4 9. Bd3 Nxd2 10. Qxd2 Bxf3 11. gxf3 Qg5 12. h4 Qg2 13. Ke2 1-0

[Event "Bergisch Gladbach-ch"]
[Site "Bergisch Gladbach"]
[Date "2005.09.09"]
[Round "3"]
[White "Stieg, Karsten"]
[Black "Klein, Dieter"]
[Result "1/2-1/2"]
[WhiteElo "1348"]
[BlackElo "1676"]
[PlyCount "59"]
[EventDate "2005.08.26"]
[EventType "swiss"]
[EventRounds "7"]
[EventCountry "GER"]
[SourceTitle "CBM 108 Extra"]
[Source "ChessBase"]
[SourceDate "2005.11.04"]
[SourceVersion "1"]
[SourceVersionDate "2005.11.04"]
[SourceQuality "1"]

1. d4 d5 2. c4 e6 3. Nc3 Nf6 4. Bg5 c6 5. e3 Be7 6. Nf3 0-0 7. Bd3 Nbd7 8. 0-0 h6 9. Bh4 a6 10. a4 dxc4 11. Bxc4 b5 12. axb5 Nb6 13. Bd3 cxb5 14. Bxb5 Bb7 15. Be2 Nbd5 16. Qb3 Rb8 17. Bg3 Nxc3 18. bxc3 Bxf3 19. Qxb8 Bxe2 20. Qxd8 Rxd8 21. Rfe1 Bc4 22. e4 Ra8 23. f3 Nh5 24. Bc7 Ra7 25. Ba5 Bd3 26. g3 Nf6 27. Rec1 Bc4 28. Bb4 Bd8 29. Ba5 Be7 30. Bb4 1/2-1/2

[Event "Bergisch Gladbach-ch"]
[Site "Bergisch Gladbach"]
[Date "2005.09.02"]
[Round "2"]
[White "Themm, Harald"]
[Black "Stieg, Karsten"]
[Result "1-0"]
[WhiteElo "1634"]
[BlackElo "1348"]
[PlyCount "105"]
[EventDate "2005.08.26"]
[EventType "swiss"]
[EventRounds "7"]
[EventCountry "GER"]
[SourceTitle "CBM 108 Extra"]
[Source "ChessBase"]
[SourceDate "2005.11.04"]
[SourceVersion "1"]
[SourceVersionDate "2005.11.04"]
[SourceQuality "1"]

1. c4 e5 2. g3 Nf6 3. Bg2 c5 4. d3 Nc6 5. e3 d6 6. Nd2 Bf5 7. e4 Bg4 8. f3 Bd7 9. Ne2 Nd4 10. 0-0 g6 11. Nxd4 cxd4 12. Nb3 a5 13. Bd2 b5 14. f4 b4 15. fxe5 dxe5 16. Bg5 Be7 17. Qf3 Bg4 18. Qf2 Ra6 19. h3 Bc8 20. Bh6 Bf8 21. Bxf8 Kxf8 22. Nd2 Kg7 23. Nf3 Qe7 24. Nh2 h5 25. b3 Nd7 26. Qd2 Nc5 27. Rf2 Rf6 28. Nf3 Re8 29. Raf1 Bd7 30. Kh2 Bc8 31. Rg1 Bd7 32. Bf1 Bc8 33. Bg2 Bd7 34. Ra1 Ra8 35. Qd1 Be8 36. Rf1 a4 37. bxa4 Nxa4 38. Qd2 Nc3 39. g4 hxg4 40. hxg4 Bd7 41. Qg5 Rxa2 42. Rxa2 Nxa2 43. Rh1 Nc3 44. Qh4 Bxg4 45. Qxg4 Rf4 46. Qh3 Rxf3 47. Bxf3 Qg5 48. Rf1 Qd2+ 49. Bg2 b3 50. Qg3 b2 51. Qxe5+ Kh7 52. Rxf7+ Kh6 53. Rf8 1-0

[Event "Bergisch Gladbach-ch 26th"]
[Site "Bergisch Gladbach"]
[Date "2004.10.08"]
[Round "6"]
[White "Fey, Helmut"]
[Black "Stieg, Karsten"]
[Result "0-1"]
[WhiteElo "1375"]
[BlackElo "1263"]
[PlyCount "71"]
[EventDate "2004.09.??"]
[EventType "swiss"]
[EventRounds "7"]
[EventCountry "GER"]
[SourceTitle "EXT 2005"]
[Source "ChessBase"]
[SourceDate "2004.11.15"]
[SourceVersion "1"]
[SourceVersionDate "2004.11.15"]
[SourceQuality "1"]

1. e4 e5 2. Nf3 Nc6 3. Bb5 d6 4. d4 a6 5. Bc4 Bg4 6. Bxf7+ Kxf7 7. Ng5+ Qxg5 8. Bxg5 Bxd1 9. Kxd1 Nxd4 10. Be3 c5 11. Nc3 Nf6 12. f3 g6 13. Ne2 Bg7 14. c3 Nxe2 15. Kxe2 h5 16. Rad1 Ke6 17. Rd2 Bh6 18. Rhd1 Rad8 19. Bxh6 Rxh6 20. a4 g5 21. b4 cxb4 22. cxb4 g4 23. Rc1 Rh7 24. b5 axb5 25. axb5 d5 26. b6 Rhd7 27. Rdc2 dxe4 28. Rc7 exf3+ 29. gxf3 gxf3+ 30. Kxf3 Rxc7 31. bxc7 Rc8 32. Ke2 Kd6 33. Kd3 Rxc7 34. Rg1 b5 35. Rb1 Rb7 36. h3 0-1

[Event "Bergisch Gladbach-ch 26th"]
[Site "Bergisch Gladbach"]
[Date "2004.09.24"]
[Round "4"]
[White "Weber, Brigitte"]
[Black "Stieg, Karsten"]
[Result "1/2-1/2"]
[WhiteElo "1513"]
[BlackElo "1263"]
[PlyCount "95"]
[EventDate "2004.09.??"]
[EventType "swiss"]
[EventRounds "7"]
[EventCountry "GER"]
[SourceTitle "EXT 2005"]
[Source "ChessBase"]
[SourceDate "2004.11.15"]
[SourceVersion "1"]
[SourceVersionDate "2004.11.15"]
[SourceQuality "1"]

1. c4 Nf6 2. Nc3 d5 3. d4 e6 4. a3 Nbd7 5. Nf3 g6 6. Bg5 Bg7 7. cxd5 exd5 8. Nxd5 h6 9. Nxf6+ Nxf6 10. Bxf6 Qxf6 11. e4 Bg4 12. Be2 Bxf3 13. Qa4+ c6 14. e5 Qf4 15. Bxf3 0-0 16. Qd1 Rad8 17. g3 Qg5 18. Qa4 a6 19. 0-0 Qd2 20. Qb3 Qxd4 21. Qxb7 Rb8 22. Qxc6 Qxb2 23. e6 Qb6 24. Qxb6 Rxb6 25. exf7+ Rxf7 26. Bd5 Bxa1 27. Rxa1 Kg7 28. Bxf7 Kxf7 29. Re1 Rb3 30. a4 Rb4 31. Ra1 Ke6 32. Kg2 g5 33. h3 h5 34. Ra3 g4 35. hxg4 hxg4 36. f4 Kf5 37. Kf2 Re4 38. a5 Rd4 39. Ke3 Rd5 40. Ke2 Kf6 41. Ke3 Kf5 42. Ra4 Rb5 43. Ra3 Rd5 44. Ra1 Rb5 45. Rh1 Rb3+ 46. Kf2 Rb2+ 47. Ke3 Rb3+ 48. Kf2 1/2-1/2

[Event "Bergisch Gladbach-ch 25th"]
[Site "Bergisch Gladbach"]
[Date "2003.09.12"]
[Round "3.14"]
[White "Stieg, Karsten"]
[Black "Alleroedder, Anke"]
[Result "0-1"]
[WhiteElo "1325"]
[BlackElo "1342"]
[PlyCount "64"]
[EventDate "2003.08.??"]
[EventType "swiss"]
[EventRounds "7"]
[EventCountry "GER"]
[SourceTitle "EXT 2005"]
[Source "ChessBase"]
[SourceDate "2004.11.15"]
[SourceVersion "1"]
[SourceVersionDate "2004.11.15"]
[SourceQuality "1"]

1. d4 d5 2. c4 Nf6 3. Nc3 e6 4. Bg5 Bb4 5. a3 Bxc3+ 6. bxc3 h6 7. Bh4 g5 8. Bg3 Ne4 9. Qd3 h5 10. h4 g4 11. Bf4 Qf6 12. g3 Nc6 13. cxd5 exd5 14. f3 Nd6 15. Qe3+ Qe6 16. Qxe6+ Bxe6 17. Bxd6 cxd6 18. fxg4 Bxg4 19. Bg2 Ne7 20. Bf3 Nf5 21. Bxg4 hxg4 22. h5 Nxg3 23. Rh4 f5 24. e3 Nxh5 25. Kd2 Kd7 26. Rf1 Ng3 27. Rxh8 Nxf1+ 28. Ke1 Rxh8 29. Kxf1 b5 30. Ne2 a5 31. Nf4 Kc6 32. Ke2 Rh2+ 0-1

[Event "Bergisch Gladbach-ch op"]
[Site "Bergisch Gladbach"]
[Date "2001.08.31"]
[Round "3"]
[White "Pick, Stefan"]
[Black "Stieg, Karsten"]
[Result "1-0"]
[WhiteElo "2035"]
[BlackElo "1350"]
[PlyCount "65"]
[EventDate "2001.08.17"]
[EventType "swiss"]
[EventRounds "7"]
[EventCountry "GER"]
[SourceTitle "EXT 2006"]
[Source "ChessBase"]
[SourceDate "2005.11.24"]
[SourceVersion "1"]
[SourceVersionDate "2005.11.24"]
[SourceQuality "1"]

1. d4 Nf6 2. Nf3 d5 3. Bg5 e6 4. e3 Be7 5. Bd3 Ne4 6. Bf4 Bd6 7. Ne5 Nf6 8. Nd2 Nbd7 9. c3 c5 10. Nxf7 Kxf7 11. Bxd6 cxd4 12. exd4 Qb6 13. Ba3 Re8 14. 0-0 Kg8 15. Nf3 e5 16. Nxe5 Nxe5 17. dxe5 Rxe5 18. Qb3 Qc7 19. Qb4 Bf5 20. Qd6 Qxd6 21. Bxd6 Bxd3 22. Bxe5 Bxf1 23. Kxf1 Ng4 24. Bg3 Rf8 25. Re1 b5 26. f3 a6 27. Kg1 Nf6 28. Bh4 Re8 29. Kf2 Rxe1 30. Kxe1 Kf7 31. Bxf6 Kxf6 32. Kf2 Kf5 33. Ke3 1-0

[Event "Bergisch Gladbach-ch op"]
[Site "Bergisch Gladbach"]
[Date "2001.08.28"]
[Round "2"]
[White "Stieg, Karsten"]
[Black "Raupach, Gregor"]
[Result "1-0"]
[WhiteElo "1350"]
[BlackElo "1944"]
[PlyCount "72"]
[EventDate "2001.08.17"]
[EventType "swiss"]
[EventRounds "7"]
[EventCountry "GER"]
[SourceTitle "EXT 2006"]
[Source "ChessBase"]
[SourceDate "2005.11.24"]
[SourceVersion "1"]
[SourceVersionDate "2005.11.24"]
[SourceQuality "1"]

1. d4 Nf6 2. c4 e5 3. e3 e4 4. Nc3 c6 5. f3 Qe7 6. fxe4 Nxe4 7. Nxe4 Qxe4 8. Nf3 Bb4+ 9. Bd2 Qxe3+ 10. Qe2 Bxd2+ 11. Nxd2 Qxe2+ 12. Bxe2 d6 13. 0-0 a5 14. Rae1 0-0 15. Bh5 g6 16. Bf3 f5 17. h3 h5 18. Re7 Na6 19. a3 Rd8 20. Rfe1 Rd7 21. g4 Rxe7 22. Rxe7 hxg4 23. hxg4 fxg4 24. Bg2 Kf8 25. Rh7 Kg8 26. Re7 Rb8 27. Ne4 Kf8 28. Rh7 d5 29. cxd5 cxd5 30. Ng5 b5 31. Bxd5 b4 32. Rf7+ Ke8 33. Bc6+ Kd8 34. Ra7 Nc7 35. Nf7+ Ke7 36. Rxc7+ Kf6 1-0